[Event "Olomouc Valoz Cup"]
[Site "Olomouc"]
[Date "1999.08.15"]
[Round "10"]
[White "Kaufman, Raymond"]
[Black "Obsivac, Josef"]
[Result "1/2-1/2"]
[WhiteElo "2145"]
[BlackElo "2355"]
[PlyCount "53"]
[GameId "1166642033905664"]
[EventDate "1999.08.06"]
[EventType "tourn"]
[EventRounds "11"]
[EventCountry "CZE"]
[EventCategory "4"]
[SourceTitle "CBM 071 Extra"]
[Source "ChessBase"]
[SourceDate "1999.09.14"]
[SourceVersion "1"]
[SourceVersionDate "1999.09.14"]
[SourceQuality "1"]

1. d4 Nf6 2. c4 c5 3. d5 e5 4. Nc3 d6 5. e4 g6 6. Be2 Bg7 7. Be3 O-O 8. g4 a6 9. a4 b6 10. h4 Ra7 11. f3 Ne8 12. h5 f6 13. Qd2 Rff7 14. Bd3 g5 15. Nge2 Rfb7 16. Ng3 Nc7 17. Kf2 Bd7 18. Rhb1 Be8 19. b4 Nd7 20. Nf5 Bf8 21. a5 bxa5 22. bxa5 Qb8 23. Bc2 Rxb1 24. Rxb1 Rb7 25. Qc1 Rxb1 26. Qxb1 Qxb1 27. Bxb1 1/2-1/2

[Event "Northern Virginia op"]
[Site "Mt Vernon"]
[Date "1999.11.13"]
[Round "3"]
[White "Kaufman, Raymond"]
[Black "Kriventsov, Stanislav"]
[Result "0-1"]
[WhiteElo "2145"]
[BlackElo "2322"]
[PlyCount "48"]
[GameId "1166642234425344"]
[EventDate "1999.11.13"]
[EventType "swiss"]
[EventRounds "6"]
[EventCountry "USA"]
[SourceTitle "EXT 2002"]
[Source "ChessBase"]
[SourceDate "2001.11.25"]
[SourceVersion "1"]
[SourceVersionDate "2001.11.25"]
[SourceQuality "1"]

1. e4 c5 2. b3 Nc6 3. Bb2 e5 4. Bc4 d6 5. f4 Qh4+ 6. g3 Qe7 7. f5 g6 8. fxg6 hxg6 9. Nc3 Nf6 10. Nge2 Bg4 11. O-O Nd4 12. Nd5 Nxd5 13. Bxd4 Nf6 14. Be3 Bh6 15. Bxh6 Rxh6 16. Rf2 O-O-O 17. Qf1 Bh3 18. Qe1 Be6 19. Nc3 Ng4 20. Rg2 Rdh8 21. h4 g5 22. Qe2 gxh4 23. Nd5 Qg5 24. Rf1 hxg3 0-1

[Event "Philadelphia National Congress 30th"]
[Site "Philadelphia"]
[Date "1999.11.26"]
[Round "1"]
[White "Formanek, Edward W"]
[Black "Kaufman, Raymond"]
[Result "0-1"]
[WhiteElo "2289"]
[BlackElo "2145"]
[PlyCount "86"]
[GameId "1166642239197184"]
[EventDate "1999.11.26"]
[EventType "swiss"]
[EventRounds "6"]
[EventCountry "USA"]
[SourceTitle "CBM 073 Extra"]
[Source "ChessBase"]
[SourceDate "2000.01.11"]
[SourceVersion "1"]
[SourceVersionDate "2000.01.11"]
[SourceQuality "1"]

1. e4 c6 2. d4 d5 3. Nc3 dxe4 4. Nxe4 Bf5 5. Ng3 Bg6 6. Nf3 Nf6 7. h4 h6 8. Ne5 Bh7 9. c3 e6 10. f4 Be7 11. f5 Nbd7 12. Nxf7 Kxf7 13. fxe6+ Kxe6 14. Bc4+ Nd5 15. Qg4+ Kf7 16. Nh5 Rg8 17. Bxd5+ cxd5 18. O-O+ Nf6 19. Bg5 Qd6 20. Rf2 Qe6 21. Qg3 Bd6 22. Qf3 Be4 23. Qe3 hxg5 24. hxg5 Rh8 25. Nxf6 Bh2+ 26. Kf1 Bxg2+ 27. Ke2 Qxe3+ 28. Kxe3 gxf6 29. Rxg2 Rae8+ 30. Kd3 f5 31. g6+ Kg7 32. Rg5 f4 33. Rxd5 Kxg6 34. Rf1 Rh3+ 35. Kc4 f3 36. Rd7 Re2 37. Rxb7 f2 38. Rxa7 Bg3 39. Ra6+ Kf5 40. Ra8 Rh6 41. Rf8+ Rf6 42. Rh8 Re1 43. Rhh1 Rfe6 0-1

[Event "Philadelphia National Congress 30th"]
[Site "Philadelphia"]
[Date "1999.??.??"]
[Round "2"]
[White "Kaufman, Raymond"]
[Black "Fleisher, Peter"]
[Result "*"]
[WhiteElo "2150"]
[BlackElo "2305"]
[PlyCount "38"]
[GameId "1166642239246336"]
[EventDate "1999.11.26"]
[EventType "swiss"]
[EventRounds "6"]
[EventCountry "USA"]
[SourceTitle "CBM 073 Extra"]
[Source "ChessBase"]
[SourceDate "2000.01.11"]
[SourceVersion "1"]
[SourceVersionDate "2000.01.11"]
[SourceQuality "1"]

1. d4 e6 2. c4 Nf6 3. Nc3 Bb4 4. Qc2 c5 5. dxc5 Nc6 6. Nf3 Bxc5 7. Bg5 a6 8. e3 h6 9. Bh4 Be7 10. Be2 Qa5 11. O-O d5 12. cxd5 Nxd5 13. Bxe7 Ncxe7 14. Ne4 O-O 15. a3 Bd7 16. b4 Qb6 17. Qc5 Qd8 18. Ne5 Ba4 19. Rac1 b6 *

[Event "Philadelphia National Congress 30th"]
[Site "Philadelphia"]
[Date "1999.11.27"]
[Round "3"]
[White "Lapshun, Yury"]
[Black "Kaufman, Raymond"]
[Result "1-0"]
[WhiteElo "2507"]
[BlackElo "2145"]
[PlyCount "40"]
[GameId "1166642239311872"]
[EventDate "1999.11.26"]
[EventType "swiss"]
[EventRounds "6"]
[EventCountry "USA"]
[SourceTitle "CBM 073 Extra"]
[Source "ChessBase"]
[SourceDate "2000.01.11"]
[SourceVersion "1"]
[SourceVersionDate "2000.01.11"]
[SourceQuality "1"]

1. b4 e5 2. Bb2 Bxb4 3. f4 exf4 4. Bxg7 Qh4+ 5. g3 fxg3 6. Bg2 gxh2+ 7. Kf1 hxg1=Q+ 8. Kxg1 Qg3 9. Bxh8 d5 10. Rxh7 Ne7 11. Bf6 Ng6 12. e3 Bg4 13. Qf1 Nd7 14. Nc3 c6 15. Rb1 a5 16. a3 Bd6 17. Rxb7 Nde5 18. Ne2 Bxe2 19. Qxe2 Ng4 20. Rh3 Qxh3 1-0

[Event "Philadelphia National Congress 30th"]
[Site "Philadelphia"]
[Date "1999.11.27"]
[Round "4"]
[White "Kaufman, Raymond"]
[Black "Privman, Boris"]
[Result "1/2-1/2"]
[WhiteElo "2145"]
[BlackElo "2192"]
[PlyCount "42"]
[GameId "1166642239352832"]
[EventDate "1999.11.26"]
[EventType "swiss"]
[EventRounds "6"]
[EventCountry "USA"]
[SourceTitle "CBM 073 Extra"]
[Source "ChessBase"]
[SourceDate "2000.01.11"]
[SourceVersion "1"]
[SourceVersionDate "2000.01.11"]
[SourceQuality "1"]

1. d4 c5 2. d5 e5 3. e4 d6 4. Nc3 Be7 5. Nf3 Bg4 6. h3 Bxf3 7. Qxf3 a6 8. a4 Bg5 9. Be3 Bxe3 10. Qxe3 Ne7 11. Be2 O-O 12. O-O Nd7 13. Bg4 Nf6 14. Rab1 Nxg4 15. hxg4 Qd7 16. f3 Rfc8 17. b4 b5 18. axb5 axb5 19. bxc5 Rxc5 20. Rb3 Rac8 21. Rfb1 b4 1/2-1/2

[Event "Philadelphia National Congress 30th"]
[Site "Philadelphia"]
[Date "1999.11.28"]
[Round "5"]
[White "Shapiro, Daniel E"]
[Black "Kaufman, Raymond"]
[Result "1-0"]
[WhiteElo "2280"]
[BlackElo "2145"]
[PlyCount "49"]
[GameId "1166642239414272"]
[EventDate "1999.11.26"]
[EventType "swiss"]
[EventRounds "6"]
[EventCountry "USA"]
[SourceTitle "CBM 073 Extra"]
[Source "ChessBase"]
[SourceDate "2000.01.11"]
[SourceVersion "1"]
[SourceVersionDate "2000.01.11"]
[SourceQuality "1"]

1. d4 d5 2. c4 c6 3. Nf3 Nf6 4. Nc3 dxc4 5. a4 Bf5 6. e3 e6 7. Bxc4 Bb4 8. O-O Nbd7 9. Qe2 Bg6 10. Rd1 O-O 11. h3 Qc7 12. Bd2 Rfe8 13. Nh4 Bh5 14. g4 Bg6 15. Nxg6 hxg6 16. e4 Rad8 17. e5 Bxc3 18. bxc3 Nd5 19. Bd3 c5 20. Rdc1 Nb8 21. Qe4 Nc6 22. h4 cxd4 23. cxd4 Qb6 24. Be3 Ncb4 25. a5 1-0

[Event "Portsmouth Millennium op"]
[Site "Portsmouth"]
[Date "2000.03.04"]
[Round "1"]
[White "Kaufman, Raymond"]
[Black "Ehlvest, Jaan"]
[Result "0-1"]
[WhiteElo "2179"]
[BlackElo "2622"]
[PlyCount "71"]
[GameId "1166642607243264"]
[EventDate "2000.03.04"]
[EventType "swiss"]
[EventRounds "5"]
[EventCountry "USA"]
[SourceTitle "EXT 2001"]
[Source "ChessBase"]
[SourceDate "2000.11.22"]
[SourceVersion "1"]
[SourceVersionDate "2000.11.22"]
[SourceQuality "1"]

1. d4 d6 2. c4 f5 3. Nc3 Nf6 4. g3 g6 5. Bg2 Bg7 6. Nf3 O-O 7. O-O Na6 8. Re1 Nh5 9. e4 f4 10. Nd5 fxg3 11. hxg3 c6 12. Nf4 Bg4 13. Qb3 Bxf3 14. Bxf3 Nxf4 15. Bxf4 Qb6 16. Bd1 Qxd4 17. Qxb7 Nc5 18. Qxe7 Nd3 19. Be3 Qxb2 20. Bb3 Nxe1 21. Rxe1 Rae8 22. Qxd6 Rxe4 23. Qd3 Re5 24. Re2 Qa1+ 25. Kg2 c5 26. Rd2 Kh8 27. Bd1 Rfe8 28. Bf3 a5 29. Bc6 Rf8 30. Bd5 Rc8 31. Bb7 Rce8 32. Bc6 Rxe3 33. fxe3 Rf8 34. a4 Rf6 35. Bd5 h5 36. e4 0-1

[Event "USA-chT Amateur East"]
[Site "Parsippany"]
[Date "2000.03.20"]
[Round "3"]
[White "Wilson, Jonathan1"]
[Black "Kaufman, Raymond"]
[Result "0-1"]
[WhiteElo "2310"]
[BlackElo "2179"]
[PlyCount "78"]
[GameId "1166642619465728"]
[EventDate "2000.03.19"]
[EventType "team"]
[EventRounds "6"]
[EventCountry "USA"]
[SourceTitle "EXT 2001"]
[Source "ChessBase"]
[SourceDate "2000.11.22"]
[SourceVersion "1"]
[SourceVersionDate "2000.11.22"]
[SourceQuality "1"]

1. d4 d5 2. Nf3 Nf6 3. Bg5 Ne4 4. Bh4 Qd6 5. c3 Qh6 6. Bg3 Nxg3 7. fxg3 Bf5 8. Qd2 e6 9. Qxh6 gxh6 10. Nh4 Be4 11. Nd2 f5 12. Nhf3 Nd7 13. e3 Bd6 14. Be2 O-O-O 15. Nxe4 fxe4 16. Ng1 e5 17. Bg4 exd4 18. cxd4 Rhg8 19. Bxd7+ Kxd7 20. Ne2 Rdf8 21. Rf1 h5 22. Rxf8 Rxf8 23. Nf4 h4 24. Kf2 h5 25. Rc1 hxg3+ 26. Kxg3 b6 27. Rd1 h4+ 28. Kxh4 Bxf4 29. exf4 Rxf4+ 30. Kg3 Rf5 31. h4 c5 32. Kg4 Ke6 33. h5 e3 34. h6 cxd4 35. Re1 Ke5 36. h7 Rf8 37. Kg5 Ke4 38. g4 d3 39. Kg6 d2 0-1

[Event "USA-chT Amateur East"]
[Site "Parsippany"]
[Date "2000.03.20"]
[Round "4"]
[White "Kaufman, Raymond"]
[Black "Groberman, Elina"]
[Result "0-1"]
[WhiteElo "2179"]
[BlackElo "2044"]
[PlyCount "55"]
[GameId "1166642619535360"]
[EventDate "2000.03.19"]
[EventType "team"]
[EventRounds "6"]
[EventCountry "USA"]
[SourceTitle "EXT 2001"]
[Source "ChessBase"]
[SourceDate "2000.11.22"]
[SourceVersion "1"]
[SourceVersionDate "2000.11.22"]
[SourceQuality "1"]

1. Nf3 Nf6 2. c4 g6 3. Nc3 Bg7 4. d4 O-O 5. e4 d6 6. Be2 e5 7. Be3 Nc6 8. d5 Ne7 9. Nd2 Nd7 10. O-O f5 11. f3 f4 12. Bf2 g5 13. b4 h5 14. c5 Nf6 15. Nc4 Ne8 16. Rc1 Rf7 17. Nb5 b6 18. a4 Ng6 19. a5 bxc5 20. bxc5 Bf8 21. cxd6 cxd6 22. a6 Rg7 23. Qa4 g4 24. Na5 g3 25. hxg3 fxg3 26. Bxg3 Qg5 27. Kf2 Ne7 28. Nxa7 0-1

[Event "Foxwoods op 02nd"]
[Site "Connecticut"]
[Date "2000.04.21"]
[Round "2"]
[White "Hahn, Anna"]
[Black "Kaufman, Raymond"]
[Result "1-0"]
[WhiteElo "2265"]
[BlackElo "2179"]
[PlyCount "49"]
[GameId "1166642670960640"]
[EventDate "2000.04.20"]
[EventType "swiss"]
[EventRounds "7"]
[EventCountry "USA"]
[SourceTitle "EXT 2001"]
[Source "ChessBase"]
[SourceDate "2000.11.22"]
[SourceVersion "1"]
[SourceVersionDate "2000.11.22"]
[SourceQuality "1"]

1. d4 Nf6 2. c4 e6 3. Nc3 Bb4 4. e3 O-O 5. Bd3 b6 6. Nf3 Bb7 7. O-O Bxc3 8. bxc3 Ne4 9. Qc2 f5 10. Nd2 Nxd2 11. Bxd2 d6 12. f4 Nd7 13. e4 fxe4 14. Bxe4 Bxe4 15. Qxe4 Re8 16. Rae1 Nf6 17. Qf3 Qd7 18. g4 d5 19. Re5 dxc4 20. g5 Nd5 21. f5 Rad8 22. fxe6 Rxe6 23. Rxd5 Qxd5 24. Qf7+ Kh8 25. Qf8+ 1-0

[Event "US Open-101"]
[Site "Saint Paul"]
[Date "2000.08.09"]
[Round "5"]
[White "Koons, Nathaniel"]
[Black "Kaufman, Raymond"]
[Result "1-0"]
[WhiteElo "2171"]
[BlackElo "2171"]
[PlyCount "111"]
[GameId "1166642884984832"]
[EventDate "2000.08.05"]
[EventType "swiss"]
[EventRounds "9"]
[EventCountry "USA"]
[SourceTitle "EXT 2001"]
[Source "ChessBase"]
[SourceDate "2000.11.22"]
[SourceVersion "1"]
[SourceVersionDate "2000.11.22"]
[SourceQuality "1"]

1. e4 e5 2. Nf3 Nc6 3. Bb5 a6 4. Ba4 Nf6 5. O-O Be7 6. Re1 b5 7. Bb3 O-O 8. a4 Bb7 9. d3 d6 10. c3 Nd7 11. d4 Nb6 12. a5 Nc4 13. Bxc4 bxc4 14. d5 Nb8 15. Nbd2 f5 16. Nxc4 fxe4 17. Rxe4 Nd7 18. Re1 Nf6 19. Ne3 Ne4 20. c4 Nxf2 21. Kxf2 e4 22. Nf5 Rxf5 23. Rxe4 c6 24. Rf4 Rxf4 25. Bxf4 cxd5 26. cxd5 Qf8 27. Qd2 Qf5 28. Re1 Rc8 29. Rxe7 Rc2 30. Rxb7 Rxd2+ 31. Bxd2 Qxd5 32. Rb8+ Kf7 33. Bc3 Qc5+ 34. Nd4 Qc4 35. Rb7+ Kg8 36. Nf3 Qc5+ 37. Kg3 g6 38. Rg7+ Kf8 39. Rxh7 d5 40. Rh4 Qd6+ 41. Rf4+ Ke8 42. h4 Kd8 43. Kg4 Qe6+ 44. Kg5 Qe3 45. g4 Ke8 46. h5 gxh5 47. gxh5 Qf2 48. Ne5 Qg3+ 49. Ng4 Qg1 50. h6 Qc5 51. Bb4 Qc1 52. Bc3 Qh1 53. h7 d4 54. Bxd4 Qd5+ 55. Be5 Qd8+ 56. Kh5 1-0

[Event "Arlington CC-ch op"]
[Site "Arlington"]
[Date "2000.??.??"]
[Round "2"]
[White "Meyer, Eugene B"]
[Black "Kaufman, Raymond"]
[Result "1-0"]
[WhiteElo "2434"]
[BlackElo "2171"]
[PlyCount "73"]
[GameId "1166643153002496"]
[EventDate "2000.12.??"]
[EventType "swiss"]
[EventRounds "4"]
[EventCountry "USA"]
[SourceTitle "EXT 2002"]
[Source "ChessBase"]
[SourceDate "2001.11.25"]
[SourceVersion "1"]
[SourceVersionDate "2001.11.25"]
[SourceQuality "1"]

1. Nf3 Nf6 2. g3 d5 3. Bg2 g6 4. c4 c6 5. O-O Bg7 6. d4 O-O 7. Qc2 Bf5 8. Qb3 Qb6 9. c5 Qxb3 10. axb3 Nbd7 11. b4 Rfe8 12. Nc3 e5 13. dxe5 Nxe5 14. Nd4 Bd7 15. Rd1 h6 16. b5 Kh7 17. h3 Bf8 18. b4 Nc4 19. bxc6 bxc6 20. Ra6 Ne4 21. Nxe4 dxe4 22. Nxc6 Bxc6 23. Rxc6 Rab8 24. Rc7 Re7 25. Rxe7 Bxe7 26. Rd7 Rxb4 27. Rxe7 Rb1 28. Rxf7+ Kg8 29. Rxa7 Rxc1+ 30. Kh2 e3 31. fxe3 Nxe3 32. c6 Nxg2 33. c7 Ne3 34. Ra8+ Kg7 35. c8=Q Nf1+ 36. Kg2 Ne3+ 37. Kf3 1-0

[Event "Virginia op"]
[Site "Fredericksburg"]
[Date "2001.01.20"]
[Round "3"]
[White "Kaufman, Raymond"]
[Black "Kaufman, Larry C"]
[Result "1/2-1/2"]
[WhiteElo "2135"]
[BlackElo "2452"]
[PlyCount "35"]
[GameId "1166643384463360"]
[EventDate "2001.01.19"]
[EventType "swiss"]
[EventRounds "5"]
[EventCountry "USA"]
[SourceTitle "EXT 2002"]
[Source "ChessBase"]
[SourceDate "2001.11.25"]
[SourceVersion "1"]
[SourceVersionDate "2001.11.25"]
[SourceQuality "1"]

1. e4 e5 2. Nf3 Nc6 3. d4 exd4 4. Nxd4 Nf6 5. Nxc6 bxc6 6. e5 Qe7 7. Qe2 Nd5 8. c4 Nb6 9. g3 Qe6 10. Nc3 a5 11. b3 a4 12. Rb1 axb3 13. axb3 Bb4 14. Bd2 O-O 15. Bg2 Re8 16. f4 f6 17. O-O fxe5 18. f5 1/2-1/2

[Event "Philadelphia National op 32nd"]
[Site "Philadelphia"]
[Date "2001.11.24"]
[Round "4"]
[White "Kaufman, Raymond"]
[Black "Muhammad, Stephen A"]
[Result "0-1"]
[WhiteElo "2190"]
[BlackElo "2307"]
[PlyCount "46"]
[GameId "1166644019773440"]
[EventDate "2001.11.23"]
[EventType "swiss"]
[EventRounds "6"]
[EventCountry "USA"]
[SourceTitle "CBM 085 Extra"]
[Source "ChessBase"]
[SourceDate "2002.01.21"]
[SourceVersion "1"]
[SourceVersionDate "2002.01.21"]
[SourceQuality "1"]

1. c4 Nf6 2. g3 g6 3. Bg2 Bg7 4. Nc3 d6 5. d4 O-O 6. e4 Nc6 7. Nge2 e5 8. d5 Ne7 9. O-O Nd7 10. Be3 Nf6 11. h3 Nh5 12. Qd2 f5 13. c5 Nf6 14. Rac1 fxe4 15. cxd6 cxd6 16. Nb5 Nexd5 17. Bxe4 Nxe3 18. Qxe3 Nxe4 19. Qxe4 Bxh3 20. Rfd1 Qb6 21. Qd5+ Kh8 22. Nxd6 Qxf2+ 23. Kh1 Qxe2 0-1

[Event "USA-chT Amateur East"]
[Site "Parsipanny"]
[Date "2002.02.16"]
[Round "2"]
[White "Johnson, Eric C"]
[Black "Kaufman, Raymond"]
[Result "0-1"]
[WhiteElo "2098"]
[BlackElo "2182"]
[PlyCount "70"]
[GameId "1166644196990976"]
[EventDate "2002.02.16"]
[EventType "team"]
[EventRounds "6"]
[EventCountry "USA"]
[SourceTitle "CBM 086 Extra"]
[Source "ChessBase"]
[SourceDate "2002.03.14"]
[SourceVersion "1"]
[SourceVersionDate "2002.03.14"]
[SourceQuality "1"]

1. e4 c5 2. c3 Nf6 3. e5 Nd5 4. g3 Nc6 5. Qe2 d6 6. exd6 Qxd6 7. Bg2 Bf5 8. Na3 e6 9. Nb5 Qe5 10. Bxd5 exd5 11. Qxe5+ Nxe5 12. Nc7+ Kd7 13. Nxa8 Bd6 14. Kf1 Nd3 15. f3 Re8 16. g4 Bg6 17. Ne2 Rxa8 18. b3 Re8 19. a4 Ne5 20. d4 Nxf3 21. dxc5 Nxh2+ 22. Rxh2 Bxh2 23. Ba3 Bd3 24. Ra2 f5 25. gxf5 Bxf5 26. c6+ bxc6 27. Nd4 Bh3+ 28. Kf2 g5 29. Nf3 Bf4 30. Bc5 a6 31. c4 h5 32. cxd5 cxd5 33. b4 h4 34. Ng1 Bg3+ 35. Kf3 g4# 0-1

[Event "Philadelphia National op 33rd"]
[Site "Philadelphia"]
[Date "2002.11.29"]
[Round "1"]
[White "Paschall, William M"]
[Black "Kaufman, Raymond"]
[Result "1-0"]
[WhiteElo "2463"]
[BlackElo "2244"]
[PlyCount "49"]
[GameId "1166644924964864"]
[EventDate "2002.11.29"]
[EventType "swiss"]
[EventRounds "6"]
[EventCountry "USA"]
[SourceTitle "CBM 091 Extra"]
[Source "ChessBase"]
[SourceDate "2003.01.09"]
[SourceVersion "1"]
[SourceVersionDate "2003.01.09"]
[SourceQuality "1"]

1. Nf3 Nf6 2. c4 c6 3. e3 d5 4. Nc3 a6 5. b3 Bg4 6. h3 Bh5 7. Bb2 Nbd7 8. cxd5 cxd5 9. g4 Bg6 10. g5 Ne4 11. Nxd5 e6 12. Nf4 Nxg5 13. Nxg5 Qxg5 14. h4 Qd8 15. Bg2 e5 16. Nxg6 hxg6 17. Bxb7 Be7 18. Qf3 Ra7 19. h5 Rxh5 20. Rxh5 gxh5 21. Bc6 Kf8 22. Qxh5 Kg8 23. Bd5 Qe8 24. Ke2 Nf6 25. Qxe5 1-0

[Event "Virginia Beach Millennium op 5th"]
[Site "Virginia Beach"]
[Date "2004.04.04"]
[Round "5"]
[White "Kaufman, Larry C"]
[Black "Kaufman, Raymond"]
[Result "0-1"]
[WhiteElo "2387"]
[BlackElo "2263"]
[PlyCount "65"]
[GameId "1166646300532736"]
[EventDate "2004.04.02"]
[EventType "swiss"]
[EventRounds "5"]
[EventCountry "USA"]
[SourceTitle "CBM 099 Extra"]
[Source "ChessBase"]
[SourceDate "2004.05.04"]
[SourceVersion "1"]
[SourceVersionDate "2004.05.04"]
[SourceQuality "1"]

1. e4 c5 2. Nf3 d6 3. d4 cxd4 4. Nxd4 Nf6 5. Nc3 g6 6. Be3 Bg7 7. f3 O-O 8. Qd2 Nc6 9. O-O-O Nxd4 10. Bxd4 Be6 11. Kb1 Qc7 12. g4 Rfc8 13. h4 Qa5 14. Qg5 Qxg5 15. hxg5 Nd7 16. Bxg7 Kxg7 17. Be2 f6 18. gxf6+ Nxf6 19. Bb5 Rc5 20. Ba4 Rac8 21. Rh2 a6 22. Bb3 Bxb3 23. axb3 Kf7 24. b4 Rc4 25. g5 Nh5 26. Nd5 Rf8 27. b3 Rcc8 28. f4 Kg7 29. f5 Rf7 30. Rdh1 Rc6 31. Nxe7 Rxe7 32. Rxh5 gxh5 33. f6+ 0-1

[Event "World op 32nd"]
[Site "Philadelphia"]
[Date "2004.07.04"]
[Round "6"]
[White "Dejmek, Mark W"]
[Black "Kaufman, Raymond"]
[Result "0-1"]
[WhiteElo "2101"]
[BlackElo "2247"]
[PlyCount "68"]
[GameId "1166646526246912"]
[EventDate "2004.07.01"]
[EventType "swiss"]
[EventRounds "9"]
[EventCountry "USA"]
[SourceTitle "CBM 101 Extra"]
[Source "ChessBase"]
[SourceDate "2004.09.01"]
[SourceVersion "2"]
[SourceVersionDate "2004.09.01"]
[SourceQuality "1"]

1. e4 c5 2. Nf3 d6 3. d4 cxd4 4. Nxd4 Nf6 5. Nc3 g6 6. Be3 Bg7 7. f3 Nc6 8. Qd2 O-O 9. Bc4 Bd7 10. h4 Rc8 11. Bb3 Qa5 12. O-O-O Ne5 13. Kb1 Nc4 14. Bxc4 Rxc4 15. Nb3 Qc7 16. g4 b5 17. h5 Rc8 18. Rc1 a5 19. hxg6 fxg6 20. Nd5 Nxd5 21. Qxd5+ e6 22. Qd2 a4 23. Nd4 b4 24. f4 e5 25. Nf3 Bc6 26. Qh2 h5 27. Nd2 Bxe4 28. Nxc4 Qxc4 29. f5 b3 30. fxg6 a3 31. Qd2 Bxc2+ 32. Rxc2 bxc2+ 33. Ka1 axb2+ 34. Kxb2 Rb8+ 0-1

[Event "World op 32nd"]
[Site "Philadelphia"]
[Date "2004.07.04"]
[Round "7"]
[White "Kaufman, Raymond"]
[Black "Mielke, Jason"]
[Result "*"]
[WhiteElo "2247"]
[BlackElo "2029"]
[PlyCount "57"]
[GameId "1166646526496768"]
[EventDate "2004.07.01"]
[EventType "swiss"]
[EventRounds "9"]
[EventCountry "USA"]
[SourceTitle "CBM 101 Extra"]
[Source "ChessBase"]
[SourceDate "2004.09.01"]
[SourceVersion "2"]
[SourceVersionDate "2004.09.01"]
[SourceQuality "1"]

1. e4 e6 2. d4 d5 3. Nd2 Be7 4. Ngf3 Nf6 5. Bd3 c5 6. e5 Nfd7 7. c3 Nc6 8. O-O a5 9. a4 cxd4 10. cxd4 Qb6 11. Nb3 O-O 12. Re1 f6 13. exf6 Nxf6 14. Bg5 Nb4 15. Bb5 Bd6 16. Rc1 Ne4 17. Bh4 Bf4 18. Ra1 Qc7 19. Bg3 Qc2 20. Re2 Qxd1+ 21. Rxd1 Nd6 22. Nc5 Nxb5 23. axb5 Bxg3 24. hxg3 b6 25. Na4 Bd7 26. Nxb6 Bxb5 27. Rxe6 Ra7 28. Rc1 Nd3 29. Nxd5 *

[Event "USA tt"]
[Site "ICC INT"]
[Date "2005.09.14"]
[Round "3"]
[White "Kaufman, Raymond"]
[Black "Wilson, Elvin"]
[Result "0-1"]
[WhiteElo "2271"]
[BlackElo "2277"]
[PlyCount "52"]
[GameId "1166647840755712"]
[EventDate "2005.10.05"]
[EventType "team"]
[EventRounds "10"]
[EventCountry "USA"]
[SourceTitle "CBM 108 Extra"]
[Source "ChessBase"]
[SourceDate "2005.11.04"]
[SourceVersion "1"]
[SourceVersionDate "2005.11.04"]
[SourceQuality "1"]

1. e4 e6 2. d4 d5 3. Nc3 Nf6 4. e5 Nfd7 5. f4 c5 6. Nf3 Nc6 7. Be3 a6 8. Qd2 b5 9. dxc5 Nxc5 10. Qf2 Nd7 11. O-O-O Bb4 12. Ne2 Bb7 13. f5 Ndxe5 14. Nxe5 Nxe5 15. Qg3 Qc7 16. fxe6 O-O 17. Nd4 Rac8 18. Bf4 Bd6 19. Kb1 fxe6 20. Bd3 Rxf4 21. Nxe6 Qe7 22. Nxf4 Nxd3 23. cxd3 Rf8 24. Rhf1 g5 25. Rde1 Qg7 26. Qxg5 Qxg5 0-1

[Event "USA tt"]
[Site "ICC INT"]
[Date "2005.11.02"]
[Round "10"]
[White "Riordan, Charles"]
[Black "Kaufman, Raymond"]
[Result "1/2-1/2"]
[WhiteElo "2267"]
[BlackElo "2268"]
[PlyCount "94"]
[GameId "1166647841210368"]
[EventDate "2005.10.05"]
[EventType "team"]
[EventRounds "10"]
[EventCountry "USA"]
[SourceTitle "CBM 108 Extra"]
[Source "ChessBase"]
[SourceDate "2005.11.04"]
[SourceVersion "1"]
[SourceVersionDate "2005.11.04"]
[SourceQuality "1"]

1. d4 c5 2. d5 e5 3. e4 d6 4. Nc3 Be7 5. Bb5+ Nd7 6. a4 a6 7. Be2 Bg5 8. Nf3 Bxc1 9. Qxc1 Ne7 10. O-O O-O 11. Nd2 f5 12. exf5 Nxf5 13. Nc4 Nf6 14. Ne3 Nd4 15. Bc4 Kh8 16. Qd1 Bd7 17. a5 Qe8 18. Ne2 Qg6 19. Ng3 h5 20. Bd3 e4 21. Bc4 h4 22. c3 hxg3 23. cxd4 gxf2+ 24. Rxf2 Ng4 25. Nxg4 Bxg4 26. Qd2 cxd4 27. Qxd4 Rae8 28. Re1 Rxf2 29. Qxf2 Qg5 30. Qe3 Qe5 31. b3 Bd7 32. h3 Bb5 33. Rf1 Bxc4 34. bxc4 Rc8 35. Qe2 Kg8 36. Kh1 Qd4 37. Qh5 Rf8 38. Rxf8+ Kxf8 39. Qf5+ Kg8 40. Qe6+ Kh7 41. Qf5+ g6 42. Qf7+ Kh6 43. Qf4+ Kg7 44. Qxd6 e3 45. Qe7+ Kh6 46. d6 Qf4 47. d7 Qf1+ 1/2-1/2

[Event "USA tt playoffs"]
[Site "ICC INT"]
[Date "2005.11.09"]
[Round "1"]
[White "Kaufman, Raymond"]
[Black "Eisen, Lewis"]
[Result "1-0"]
[WhiteElo "2268"]
[BlackElo "2261"]
[PlyCount "87"]
[GameId "1166648023040000"]
[EventDate "2005.11.09"]
[EventType "team"]
[EventRounds "1"]
[EventCountry "USA"]
[SourceTitle "EXT 2006"]
[Source "ChessBase"]
[SourceDate "2005.11.24"]
[SourceVersion "1"]
[SourceVersionDate "2005.11.24"]
[SourceQuality "1"]

1. d4 d5 2. c4 c6 3. Nf3 Nf6 4. e3 g6 5. Nc3 Bg7 6. Bd3 O-O 7. O-O Bg4 8. h3 Bxf3 9. Qxf3 dxc4 10. Bxc4 Nbd7 11. Rd1 Rc8 12. e4 e5 13. d5 cxd5 14. Bxd5 Nxd5 15. Nxd5 Nb6 16. Be3 Nxd5 17. Rxd5 Qc7 18. Rc1 Qb8 19. Rcd1 b6 20. Rd7 h6 21. h4 Qa8 22. h5 gxh5 23. R1d5 Rcd8 24. Qf5 Rxd7 25. Rxd7 Qc6 26. Rxa7 h4 27. Kh2 Qd6 28. Rb7 b5 29. Rxb5 Rb8 30. Bc5 Qc7 31. Rxb8+ Qxb8 32. b4 Qb5 33. Qc8+ Kh7 34. Qa8 h5 35. Qd5 Kg6 36. Be7 Qe2 37. Bxh4 Qg4 38. Bg3 f6 39. f3 Qc8 40. b5 Bh6 41. Bxe5 h4 42. Qc6 Qd8 43. b6 Kh5 44. Bc7 1-0